Microprocessor & Interfacing (Record no. 4844)

MARC details
000 -LEADER
fixed length control field 00416nam a22001697a 4500
005 - DATE AND TIME OF LATEST TRANSACTION
control field 20160630102826.0
008 - FIXED-LENGTH DATA ELEMENTS--GENERAL INFORMATION
fixed length control field 160630b xxu||||| |||| 00| 0 eng d
020 ## - INTERNATIONAL STANDARD BOOK NUMBER
ISBN 81-89757-27-X
041 ## - LANGUAGE CODE
Language code of text/sound track or separate title eng
082 ## - DEWEY DECIMAL CLASSIFICATION NUMBER
Item number 19418
100 ## - MAIN ENTRY--AUTHOR NAME
Personal name Mariwala, Nikhil
245 ## - TITLE STATEMENT
Title Microprocessor & Interfacing
260 ## - PUBLICATION, DISTRIBUTION, ETC. (IMPRINT)
Name of publisher S.K. Kataria & Sons
Year of publication 2012
300 ## - PHYSICAL DESCRIPTION
Number of Pages 838
650 ## - SUBJECT ADDED ENTRY--TOPICAL TERM
Topical Term Information Technology
942 ## - ADDED ENTRY ELEMENTS (KOHA)
Koha item type Books
Holdings
Lost status Damaged status Collection code Home library Current library Shelving location Date acquired Cost, normal purchase price Full call number Accession Number Koha item type Source of acquisition
    CS/IT JRU Library JRU Library SHELF-74-I 30/06/2016 410.00 19418 19418 Books  
    CS/IT JRU Library JRU Library SHELF-74-H 30/06/2016 410.00 19418 19419 Books  
    CS/IT JRU Library JRU Library SHELF-74-H 30/06/2016 410.00 19418 19420 Books  
    CS/IT JRU Library JRU Library SHELF-74-I 30/06/2016 410.00 19418 19421 Books  
    CS/IT JRU Library JRU Library SHELF-74-I 30/06/2016 410.00 19418 19422 Books  
    AGRICULTURE JRU Library JRU Library SHELF - 15 - J 30/06/2016 410.00 19418 19423 Books  
      JRU Library   Shelf - 26- M 30/06/2016 410.00 19418 19424 Books  
      JRU Library     30/06/2016 410.00 19418 19425 Books  
    CS/IT JRU Library JRU Library SHELF-48-I 30/06/2016 410.00 004.16 19426 Books PURCHASE
      JRU Library   Shelf - 26- N 30/06/2016 410.00 19418 19427 Books